| 000 | 00504nam a2200193Ia 4500 | ||
|---|---|---|---|
| 003 | GCL | ||
| 008 | 140319s9999 xx 000 0 eng d | ||
| 040 |
_aGCL / _cGCL |
||
| 082 | 0 | 4 |
_a634.721 _bD C |
| 100 | 1 | _aDEAN, RISHARD | |
| 245 | 1 | 0 |
_aCURRENT : DIAGNOSIS AND TREATMENT IN VASCULAR SURGERY / _cDEAN, RISHARD |
| 700 | 1 | _aYAO, JAMES S.T | |
| 700 | 1 | _aBRAWSTER | |
| 260 |
_a[S.N] : _bAPPLETON & LANGE ، _c1995 |
||
| 300 | _a461 | ||
| 650 | 0 | 4 | _aAGRICULTURE |
| 650 | 0 | 4 | _aCURRENT |
| 942 |
_2ddc _cBK |
||
| 999 |
_c10946 _d10946 |
||